1987 1246 1400 1475 1489 1467 1317 1680 1636 1497 1057 1943 1286 1324 1402 1925 1645 1075 1705 1314 1595 1092 1052 1299 1976 1202 1673 1129 1904 1941 1132 1694 1034 1822 1319 1933 1917 1825 1798 1659 1919 1806 1005 1550 1389 1214 1355 1298 1677 1128 1255 1909 1086 1142 1857 1658 1662 1367 1399 1576 1408 1309 1698 1152 1728 1370 1341 1156 1012 1312 1099 1646 1434 1427 1931 1621 1794 1101 1538 1866 1534 1249 1515 1303 1705 1397 1586 1564 1055 1854 1995 1324 1404 1279 1678 1207 1381 1086 1863 BCNSPRNW ULIB Ver.6.0+V

เปลี่ยนเป็นภาษาไทย

Change to English
 แสดงรายละเอียดบรรณานุกรม
  กลับหน้าหลัก

Brief Record : Get Marc (ISO 2709) : E-mail record : QR code < ปิดหน้าต่าง
LEADER : 00000nam 2200000uu 4500
001    13399123922
003     ULIB
008    141214s2556||||th 000 0 tha d
020    ^a9786160007127
060    ^aWG113^bน612ร
100 0  ^aนิธิ มหานนท์
245 10 ^aรู้ทัน...ป้องกันโรคหัวใจ /^cนิธิ มหานนท์
246 31 ^aรู้ทันป้องกันโรคหัวใจ
250    ^aพิมพ์ครั้งที่ 1
260    ^aกรุงเทพฯ :^bสถาพรบุ๊คส์,^c2556
300    ^a134 หน้า :^bภาพประกอบ ;^c21 ซม.
650  4 ^aหัวใจ
650  7 ^aหัวใจ, โรค
945    ^p100^l0^i22641
945    ^p100^l0^i22642
945    ^p100^l0^i22643
999    ^aทศพร เกษรทอง
รายการนี้ยังไม่มีแท็ก
คุณยังไม่ได้ล็อกอิน คุณสามารถมีกิจกรรมร่วมกับเว็บไซต์ได้ แต่ต้องล็อกอินก่อน ::
  ล็อกอิน

รายการสื่อสารสนเทศ

ลำดับที่ ประเภท เลขเรียก/บาร์โค้ด สถานที่ สถานะ
1. วิทยาศาสตร์การแพทย์ และสุขภาพ
หนังสือสำรอง
สถานะ=หนังสือสำรอง
WG113 น612ร ฉ.1 
  Barcode: 22641
ห้องสมุดวิทยาเขตนครสวรรค์
►หนังสือทั่วไป:l:General Books
บนชั้น
2. วิทยาศาสตร์การแพทย์ และสุขภาพ
วิทยาศาสตร์การแพทย์ และสุขภาพ
WG113 น612ร ฉ.2 
  Barcode: 22642
ห้องสมุดวิทยาเขตนครสวรรค์
►หนังสือทั่วไป:l:General Books
บนชั้น
3. วิทยาศาสตร์การแพทย์ และสุขภาพ
วิทยาศาสตร์การแพทย์ และสุขภาพ
WG113 น612ร ฉ.3 
  Barcode: 22643
ห้องสมุดวิทยาเขตนครสวรรค์
►หนังสือทั่วไป:l:General Books
บนชั้น

รายการใกล้เคียง
    ผู้แต่ง [นิธิ มหานนท์]

    หัวเรื่อง [หัวใจ]
    หัวเรื่อง [หัวใจ, โรค]

BibComment


ยังไม่เคยถูกคอมเมนท์

คอมเมนท์ทรัพยากรรายการนี้
  คอมเมนท์: รู้ทันป้องกันโรค..


 Copyright 2026. Bcnsprnw @Library